[Event "zonal 1.2a"]
[Site "Ptuj SLO"]
[Date "1995.04.15"]
[Round "9"]
[White "Landenbergue, Claude"]
[Black "Gostisa, Leon"]
[Result "1/2-1/2"]
[WhiteElo "2430"]
[BlackElo "2420"]
[EventDate "1995.04.05"]
[PlyCount "135"]

1.e4 c5 2.Nf3 e6 3.d4 cxd4 4.Nxd4 Nc6 5.Nc3 Qc7 6.Be3 a6 7.Bd3 Nf6 8.O-O 
Ne5 9.h3 b5 10.f4 Nc4 11.Bxc4 Qxc4 12.Qd3 Bb7 13.a4 Qxd3 14.cxd3 b4 15.
Nce2 Bc5 16.Rfc1 d6 17.Kf2 Ke7 18.Nb3 Bxe3+ 19.Kxe3 Rac8 20.Na5 Ba8 21.Nd4
Nd7 22.Ndc6+ Kf6 23.d4 g5 24.fxg5+ Kxg5 25.Nxb4 Rb8 26.Nd3 Nf6 27.Rc7 Bxe4
28.Rxf7 Bxd3 29.Kxd3 Rxb2 30.Re1 Nd5 31.h4+ Kg6 32.Rf3 Re8 33.Nc4 Rb3+ 34.
Ke2 Rxf3 35.Kxf3 Nc7 36.Rb1 Rf8+ 37.Kg3 Nd5 38.Nxd6 Rf4 39.Re1 Kf6 40.Re4 
Rf1 41.Re5 Nc3 42.Ne8+ Kf7 43.Nc7 Nxa4 44.Nxe6 Nc3 45.Ng5+ Kg6 46.Nf3 Rd1 
47.Re3 Nb5 48.Re6+ Kf5 49.Re5+ Kf6 50.Rd5 Nc3 51.Rd6+ Kf5 52.Rd8 a5 53.
Rf8+ Ke4 54.Rc8 Rc1 55.Ra8 a4 56.Ng5+ Kxd4 57.Nxh7 Ra1 58.Ng5 a3 59.h5 a2 
60.h6 Rh1 61.h7 Ne4+ 62.Nxe4 Kxe4 63.Rxa2 Rxh7 64.Ra5 Rg7+ 65.Kh3 Kf4 66.
g4 Rh7+ 67.Rh5 Rxh5+ 68.gxh5 1/2-1/2

[Event "zonal 1.2a"]
[Site "Ptuj SLO"]
[Date "1995.04.15"]
[Round "9"]
[White "Lutz, Christopher"]
[Black "Kortschnoj, Viktor"]
[Result "1/2-1/2"]
[WhiteElo "2560"]
[BlackElo "2635"]
[EventDate "1995.04.05"]
[PlyCount "83"]

1.d4 Nf6 2.c4 e6 3.Nf3 d5 4.Nc3 c6 5.Bg5 h6 6.Bxf6 Qxf6 7.e3 Nd7 8.Bd3 g6 
9.O-O Bg7 10.cxd5 exd5 11.b4 Nb6 12.Rc1 Bg4 13.Be2 Bxf3 14.Bxf3 O-O 15.b5 
Qd6 16.Qd3 Qa3 17.Rb1 Rfd8 18.Rb3 Qe7 19.bxc6 bxc6 20.Rd1 h5 21.g3 h4 22.
Qa6 Qe6 23.Bg2 hxg3 24.hxg3 Bf8 25.Na4 Rdb8 26.Rdb1 Bd6 27.Nc5 Qc8 28.
Qxc8+ Rxc8 29.Nb7 Be7 30.Na5 Rc7 31.Rc1 c5 32.dxc5 Rxc5 33.Rxc5 Bxc5 34.
Nc6 Rc8 35.Nxa7 Ra8 36.Rb5 Rxa7 37.Rxc5 Rxa2 38.Rb5 Ra1+ 39.Kh2 Ra6 40.Rb1
Kg7 41.Bf1 Nc4 42.Bxc4 1/2-1/2

[Event "zonal 1.2a"]
[Site "Ptuj SLO"]
[Date "1995.04.15"]
[Round "9"]
[White "Mohr, Georg"]
[Black "Wach, Markus"]
[Result "1-0"]
[WhiteElo "2430"]
[BlackElo "2385"]
[EventDate "1995.04.05"]
[PlyCount "71"]

1.e4 c5 2.Nf3 d6 3.d4 cxd4 4.Nxd4 Nf6 5.Nc3 Nc6 6.Bg5 e6 7.Bb5 Bd7 8.Bxc6 
bxc6 9.Qf3 Be7 10.e5 dxe5 11.Nxc6 Bxc6 12.Qxc6+ Kf8 13.Rd1 Qc8 14.Qf3 Rb8 
15.O-O Rxb2 16.Rd2 h6 17.Bxf6 gxf6 18.Rfd1 f5 19.Qe3 Qc5 20.Rd8+ Kg7 21.
Qg3+ Kh7 22.Rxh8+ Kxh8 23.Na4 Qxc2 24.Nxb2 Qxb2 25.Qe3 a5 26.Qxh6+ Kg8 27.
h3 Qxa2 28.Rc1 Qa3 29.Rc8+ Bf8 30.Qg5+ Kh7 31.Rc7 Qa1+ 32.Kh2 e4 33.Qh5+ 
Bh6 34.Rxf7+ Kg8 35.Qg6+ Bg7 36.Re7 1-0

[Event "zonal 1.2a"]
[Site "Ptuj SLO"]
[Date "1995.04.15"]
[Round "9"]
[White "Sermek, Drazen"]
[Black "Robatsch, Karl"]
[Result "1-0"]
[WhiteElo "2515"]
[BlackElo "2410"]
[EventDate "1995.04.05"]
[PlyCount "83"]

1.e4 c5 2.c3 Nf6 3.e5 Nd5 4.Nf3 e6 5.d4 cxd4 6.cxd4 d6 7.a3 dxe5 8.dxe5 
Bd7 9.Bd3 Na6 10.O-O Nc5 11.Bc2 Bb5 12.Re1 Nc7 13.Nc3 Bc4 14.Nd4 a6 15.Be3
Nd5 16.Nxd5 Bxd5 17.Qg4 Nd7 18.Qg3 g6 19.Rad1 Qc7 20.Bb1 Bg7 21.Bf4 Nb6 
22.a4 O-O 23.b3 Rac8 24.a5 Na8 25.Bd2 Qc5 26.Nc2 Rfd8 27.Nb4 Nc7 28.h4 Nb5
29.Nxd5 Rxd5 30.Rc1 Qf8 31.Rxc8 Qxc8 32.Bb4 Qc7 33.Be4 Bxe5 34.Qe3 Bd4 35.
Qf3 Rd7 36.h5 Nc3 37.hxg6 hxg6 38.Bxg6 fxg6 39.Rxe6 Rf7 40.Re8+ Kg7 41.
Bf8+ Kg8 42.Bc5+ 1-0

[Event "zonal 1.2a"]
[Site "Ptuj SLO"]
[Date "1995.04.15"]
[Round "9"]
[White "Stanec, Nikolaus"]
[Black "Kindermann, Stefan"]
[Result "1/2-1/2"]
[WhiteElo "2465"]
[BlackElo "2585"]
[EventDate "1995.04.05"]
[PlyCount "25"]

1.d4 Nf6 2.Nf3 g6 3.c4 Bg7 4.Nc3 d6 5.e4 O-O 6.Be2 e5 7.dxe5 dxe5 8.Qxd8 
Rxd8 9.Bg5 Re8 10.Nd5 Nxd5 11.cxd5 c6 12.Bc4 cxd5 13.Bxd5 1/2-1/2

[Event "zonal 1.2a"]
[Site "Ptuj SLO"]
[Date "1995.04.16"]
[Round "10"]
[White "Atlas, Valery"]
[Black "Landenbergue, Claude"]
[Result "1/2-1/2"]
[WhiteElo "2450"]
[BlackElo "2430"]
[EventDate "1995.04.05"]
[PlyCount "29"]

1.e4 c5 2.Nf3 e6 3.d4 cxd4 4.Nxd4 a6 5.Nc3 Nc6 6.g3 Nge7 7.Bg2 Nxd4 8.Qxd4
Nc6 9.Qd1 Bc5 10.O-O O-O 11.Na4 Bd4 12.c3 Ba7 13.b4 b5 14.Nc5 Ne5 15.a4 
1/2-1/2

[Event "zonal 1.2a"]
[Site "Ptuj SLO"]
[Date "1995.04.16"]
[Round "10"]
[White "Enders, Peter"]
[Black "Robatsch, Karl"]
[Result "1/2-1/2"]
[WhiteElo "2480"]
[BlackElo "2410"]
[EventDate "1995.04.05"]
[PlyCount "110"]

1.e4 c5 2.Nf3 d6 3.d4 cxd4 4.Nxd4 Nf6 5.Nc3 Nc6 6.Bg5 Bd7 7.Qd2 Rc8 8.
O-O-O Nxd4 9.Qxd4 Qa5 10.f4 e6 11.Bxf6 gxf6 12.Kb1 Be7 13.g4 Qc5 14.Qd2 h5
15.Be2 hxg4 16.Bxg4 Rc6 17.Ne2 Ra6 18.Nd4 Qa5 19.Qxa5 Rxa5 20.f5 e5 21.Ne2
Bc6 22.Nc3 Rc5 23.h3 b5 24.Rhe1 b4 25.Nd5 Bxd5 26.Rxd5 Rxd5 27.exd5 Kd7 
28.Re4 a5 29.a3 bxa3 30.b3 Rb8 31.Ka2 Rb4 32.Bf3 Rxe4 33.Bxe4 Kc7 34.Kxa3 
Bf8 35.Ka4 Kb6 36.c3 Bh6 37.b4 axb4 38.cxb4 Bg5 39.Bf3 Bh4 40.Bh5 Be1 41.
Bxf7 Ka6 42.Bh5 Kb6 43.Be2 Bh4 44.Kb3 Be1 45.Kc4 Ka6 46.Bd1 Kb6 47.Ba4 Ka6
48.b5+ Kb6 49.Kd3 Kc7 50.Ke2 Bh4 51.Kf3 Kb6 52.Kg4 Bf2 53.Kh5 Ka5 54.Kg4 
Kb6 55.Kf3 Bh4 1/2-1/2

[Event "zonal 1.2a"]
[Site "Ptuj SLO"]
[Date "1995.04.16"]
[Round "10"]
[White "Gostisa, Leon"]
[Black "Mohr, Georg"]
[Result "0-1"]
[WhiteElo "2420"]
[BlackElo "2430"]
[EventDate "1995.04.05"]
[PlyCount "54"]

1.d4 Nc6 2.Nf3 d5 3.Bf4 Bg4 4.Qd3 Bxf3 5.gxf3 e6 6.Nd2 Bd6 7.Bg3 Nf6 8.e3 
a6 9.Be2 e5 10.dxe5 Nxe5 11.Bxe5 Bxe5 12.f4 Bd6 13.Bf3 c6 14.O-O-O O-O 15.
Rhg1 Re8 16.Kb1 b5 17.c4 bxc4 18.Nxc4 Rb8 19.Nxd6 Qxd6 20.Qc3 Rb6 21.Rd2 
Reb8 22.Ka1 Qe6 23.Bd1 g6 24.Qe5 c5 25.Bf3 Rb4 26.Rc1 Qb6 27.Qc3 Rc4 0-1

[Event "zonal 1.2a"]
[Site "Ptuj SLO"]
[Date "1995.04.16"]
[Round "10"]
[White "Kindermann, Stefan"]
[Black "Zuger, Beat"]
[Result "1-0"]
[WhiteElo "2585"]
[BlackElo "2480"]
[EventDate "1995.04.05"]
[PlyCount "99"]

1.e4 c5 2.Nf3 Nc6 3.d4 cxd4 4.Nxd4 g6 5.Nc3 Bg7 6.Be3 Nf6 7.Bc4 O-O 8.Bb3 
d6 9.f3 Bd7 10.Qd2 Nxd4 11.Bxd4 a5 12.a4 Be6 13.Bxe6 fxe6 14.O-O Nd7 15.
Bxg7 Kxg7 16.Kh1 e5 17.Nd5 Nf6 18.Ne3 Qc8 19.Ra3 Qc5 20.Rd1 Rac8 21.Rb3 b6
22.Qe2 Qc6 23.Rb5 Nd7 24.b3 Nf6 25.Nc4 Nd7 26.Qe3 Rb8 27.Qg5 Nf6 28.h3 h6 
29.Qg3 Kh7 30.Qe1 Nd7 31.Ne3 Nf6 32.Qd2 Rfc8 33.c4 Ra8 34.Rb1 Ra7 35.b4 
axb4 36.R1xb4 Ra6 37.Qb2 Rca8 38.Rxb6 Rxb6 39.Rxb6 Qxa4 40.Rb7 Ra7 41.c5 
Qa5 42.Rxa7 Qxa7 43.Qb6 Qa1+ 44.Kh2 Qd4 45.Qb3 dxc5 46.Qf7+ Kh8 47.Qf8+ 
Ng8 48.Nd5 Kh7 49.Qf7+ Kh8 50.Nc7 1-0

[Event "zonal 1.2a"]
[Site "Ptuj SLO"]
[Date "1995.04.16"]
[Round "10"]
[White "Kortschnoj, Viktor"]
[Black "Stanec, Nikolaus"]
[Result "1-0"]
[WhiteElo "2635"]
[BlackElo "2465"]
[EventDate "1995.04.05"]
[PlyCount "67"]

1.d4 Nf6 2.c4 g6 3.Nc3 Bg7 4.e4 d6 5.Be2 O-O 6.Nf3 e5 7.O-O Nc6 8.d5 Ne7 
9.Ne1 Nd7 10.Be3 f5 11.f3 f4 12.Bf2 g5 13.a4 Ng6 14.a5 Rf7 15.b4 Nf6 16.c5
h5 17.cxd6 cxd6 18.Nb5 g4 19.Nxa7 g3 20.Bb6 gxh2+ 21.Kh1 Qe7 22.Nxc8 Rxc8 
23.Rc1 Rxc1 24.Qxc1 h4 25.Bb5 Nh5 26.Rf2 Bf8 27.Qc8 Qg5 28.Bd7 h3 29.Bxh3 
Rg7 30.Kxh2 Kh7 31.b5 Be7 32.a6 bxa6 33.bxa6 Qg3+ 34.Kg1 1-0

[Event "zonal 1.2a"]
[Site "Ptuj SLO"]
[Date "1995.04.16"]
[Round "10"]
[White "Lobron, Eric"]
[Black "Sermek, Drazen"]
[Result "1-0"]
[WhiteElo "2575"]
[BlackElo "2515"]
[EventDate "1995.04.05"]
[PlyCount "39"]

1.d4 d5 2.c4 dxc4 3.Nf3 c5 4.d5 Nf6 5.Nc3 b5 6.Nxb5 Bb7 7.e4 Nxe4 8.Bxc4 
Nd6 9.Ne5 a6 10.Qf3 f6 11.Nxd6+ Qxd6 12.Qh5+ g6 13.Nxg6 hxg6 14.Qxh8 Nd7 
15.O-O Nb6 16.b3 O-O-O 17.Be3 Kb8 18.Rfd1 Nd7 19.Rac1 Rc8 20.Qh3 1-0

[Event "zonal 1.2a"]
[Site "Ptuj SLO"]
[Date "1995.04.16"]
[Round "10"]
[White "Luther, Thomas"]
[Black "Grosar, Aljosa"]
[Result "1-0"]
[WhiteElo "2550"]
[BlackElo "2475"]
[EventDate "1995.04.05"]
[PlyCount "95"]

1.e4 c5 2.Nf3 d6 3.d4 cxd4 4.Nxd4 Nf6 5.Nc3 Nc6 6.Bg5 Bd7 7.Qd2 Rc8 8.
O-O-O Nxd4 9.Qxd4 Qa5 10.Bd2 e5 11.Qd3 a6 12.a3 Be6 13.Nd5 Qd8 14.Bg5 Bxd5
15.Bxf6 Qxf6 16.Qxd5 Rc7 17.Bc4 Be7 18.Bb3 O-O 19.Kb1 Qxf2 20.Rhf1 Qc5 21.
Rxf7 Qxd5 22.Rxf8+ Kxf8 23.Bxd5 Ke8 24.Rd3 Kd7 25.a4 Kc8 26.a5 Rc5 27.b4 
Rc7 28.Kb2 Kb8 29.Kb3 Rc8 30.Rh3 h6 31.Rg3 Bf6 32.Rg6 Rc7 33.c4 Ka7 34.h4 
h5 35.g4 hxg4 36.h5 Bh4 37.Rxg4 Be1 38.Rg6 Rd7 39.Re6 Bd2 40.Ka4 Bg5 41.b5
b6 42.Bc6 Rd8 43.bxa6 bxa5 44.Kxa5 Kb8 45.Kb6 Be3+ 46.Kb5 Bg5 47.c5 dxc5 
48.Kb6 1-0

[Event "zonal 1.2a"]
[Site "Ptuj SLO"]
[Date "1995.04.16"]
[Round "10"]
[White "Wach, Markus"]
[Black "Lutz, Christopher"]
[Result "0-1"]
[WhiteElo "2385"]
[BlackElo "2560"]
[EventDate "1995.04.05"]
[PlyCount "80"]

1.e4 c5 2.Nf3 d6 3.d4 cxd4 4.Nxd4 Nf6 5.Nc3 a6 6.Bg5 e6 7.f4 Nbd7 8.Qf3 
Qc7 9.O-O-O b5 10.a3 Bb7 11.f5 e5 12.Nb3 Be7 13.h4 Rc8 14.Bd3 h5 15.Kb1 
Nb6 16.Rhe1 Qb8 17.Ne2 Nc4 18.Ng3 a5 19.Bxf6 gxf6 20.Nxh5 Ba8 21.g4 a4 22.
g5 axb3 23.cxb3 Na5 24.gxf6 Bf8 25.b4 Nc6 26.Ng7+ Kd7 27.Qg4 Nd4 28.Rc1 
Rxc1+ 29.Rxc1 Bc6 30.h5 Qd8 31.Qg5 Nf3 32.Qe3 Nd4 33.Qg5 d5 34.exd5 Bxd5 
35.h6 Bd6 36.Qh4 Qa8 37.h7 Qa4 38.Be4 Rxh7 39.Qe1 Qb3 40.Bxd5 Qxd5 0-1

[Event "zonal 1.2a"]
[Site "Ptuj SLO"]
[Date "1995.04.17"]
[Round "11"]
[White "Grosar, Aljosa"]
[Black "Kindermann, Stefan"]
[Result "1/2-1/2"]
[WhiteElo "2475"]
[BlackElo "2585"]
[EventDate "1995.04.05"]
[PlyCount "29"]

1.e4 d5 2.exd5 Qxd5 3.Nc3 Qa5 4.d4 c6 5.Nf3 Nf6 6.Bc4 Bf5 7.Bd2 e6 8.Qe2 
Bb4 9.O-O-O Nbd7 10.Ne5 Nxe5 11.dxe5 Nd5 12.Nxd5 Bxd2+ 13.Qxd2 Qxd2+ 14.
Rxd2 cxd5 15.Bd3 1/2-1/2

[Event "zonal 1.2a"]
[Site "Ptuj SLO"]
[Date "1995.04.17"]
[Round "11"]
[White "Landenbergue, Claude"]
[Black "Enders, Peter"]
[Result "0-1"]
[WhiteElo "2430"]
[BlackElo "2480"]
[EventDate "1995.04.05"]
[PlyCount "74"]

1.e4 c5 2.Nf3 d6 3.d4 cxd4 4.Nxd4 Nf6 5.Nc3 a6 6.Be3 e6 7.g4 Be7 8.g5 Nfd7
9.h4 b5 10.a3 Bb7 11.Qd2 Nb6 12.h5 N8d7 13.f4 Nc5 14.Qg2 Nba4 15.Nxa4 Bxe4
16.Nf3 bxa4 17.Qe2 d5 18.Bg2 O-O 19.Ne5 Qa5+ 20.c3 Bxg2 21.Qxg2 Bd6 22.g6 
Bxe5 23.gxh7+ Kxh7 24.fxe5 Nd3+ 25.Kd2 Nxb2 26.Rag1 Nc4+ 27.Ke2 Rg8 28.Bd4
Qb5 29.Qg6+ Kh8 30.Rb1 Qd7 31.Qg5 Kh7 32.Rbg1 Rab8 33.Qg6+ Kh8 34.Rf1 Rgf8
35.Rfg1 fxg6 36.hxg6+ Kg8 37.Rh7 Rb2+ 0-1

[Event "zonal 1.2a"]
[Site "Ptuj SLO"]
[Date "1995.04.17"]
[Round "11"]
[White "Lutz, Christopher"]
[Black "Gostisa, Leon"]
[Result "1/2-1/2"]
[WhiteElo "2560"]
[BlackElo "2420"]
[EventDate "1995.04.05"]
[PlyCount "100"]

1.e4 c5 2.Nf3 e6 3.d4 cxd4 4.Nxd4 Nc6 5.Nc3 Qc7 6.Be2 a6 7.O-O Nf6 8.Be3 
Be7 9.f4 d6 10.Qe1 O-O 11.Qg3 Kh8 12.Kh1 Bd7 13.a3 b5 14.Bd3 Nh5 15.Qf3 
Nf6 16.Rae1 Rab8 17.Nxc6 Qxc6 18.Qg3 b4 19.axb4 Rxb4 20.Bd2 Rxb2 21.e5 Nh5
22.Qh3 g6 23.Ne4 d5 24.Ng5 Rxc2 25.Bxc2 Qxc2 26.g4 Bxg5 27.fxg5 Qxd2 28.
gxh5 Kg8 29.Qg3 Bb5 30.Rf4 Rc8 31.h6 d4 32.Qf2 Qxf2 33.Rxf2 d3 34.Kg2 Rc3 
35.Rd2 Kf8 36.Kf3 Ke7 37.Kf4 Rc4+ 38.Re4 Rc1 39.Ke3 Kd7 40.Rd4+ Kc6 41.Rf4
Kd5 42.Rxf7 Re1+ 43.Kf2 Rxe5 44.h4 Kd4 45.Rxh7 Rf5+ 46.Kg3 Ke3 47.Rb2 d2 
48.Rxd2 Kxd2 49.Rg7 Ke3 50.h7 Rf3+ 1/2-1/2

[Event "zonal 1.2a"]
[Site "Ptuj SLO"]
[Date "1995.04.17"]
[Round "11"]
[White "Mohr, Georg"]
[Black "Atlas, Valery"]
[Result "1-0"]
[WhiteElo "2430"]
[BlackElo "2450"]
[EventDate "1995.04.05"]
[PlyCount "81"]

1.g3 Nf6 2.Bg2 e6 3.c4 c5 4.Nf3 Qc7 5.Nc3 a6 6.O-O Be7 7.b3 b6 8.d4 cxd4 
9.Bf4 d6 10.Nxd4 Bb7 11.Bxd6 Bxd6 12.Ndb5 axb5 13.Nxb5 Bxg2 14.Nxc7+ Bxc7 
15.Kxg2 Be5 16.Rc1 O-O 17.c5 Rxa2 18.cxb6 Nbd7 19.Rc6 Ra6 20.f4 Bb8 21.Qd4
Nd5 22.f5 Rxb6 23.Rxb6 N5xb6 24.fxe6 fxe6 25.Rxf8+ Kxf8 26.Qe4 Kf7 27.Qxh7
Nd5 28.Qd3 N5f6 29.b4 g5 30.h3 Ba7 31.Qd2 Kg6 32.Qa2 Bb8 33.Qxe6 Be5 34.b5
Bd4 35.e4 Be5 36.b6 Bb8 37.b7 Kh6 38.g4 Bf4 39.Qf5 Kg7 40.h4 gxh4 41.Qxf4 
1-0

[Event "zonal 1.2a"]
[Site "Ptuj SLO"]
[Date "1995.04.17"]
[Round "11"]
[White "Robatsch, Karl"]
[Black "Lobron, Eric"]
[Result "1/2-1/2"]
[WhiteElo "2410"]
[BlackElo "2575"]
[EventDate "1995.04.05"]
[PlyCount "87"]

1.Nf3 d5 2.d4 Nf6 3.c4 e6 4.Nc3 Nbd7 5.Bf4 Bb4 6.cxd5 exd5 7.Qc2 c5 8.a3 
Bxc3+ 9.Qxc3 Ne4 10.Qc2 O-O 11.e3 Re8 12.Bd3 Qa5+ 13.b4 cxb4 14.O-O bxa3 
15.Rfb1 Qd8 16.Rxa3 Ndf6 17.h3 Qe7 18.Qa2 Be6 19.Rc1 Rac8 20.Rxc8 Rxc8 21.
Rxa7 g5 22.Bxg5 Rc1+ 23.Bf1 Nxg5 24.Nxg5 Bf5 25.Qa3 Qxa3 26.Rxa3 b5 27.g4 
Bc2 28.Kg2 h6 29.Nf3 b4 30.Ra8+ Kg7 31.Ne5 b3 32.Rb8 Ne4 33.Bd3 Rd1 34.
Bxe4 Bxe4+ 35.Kg3 Bc2 36.Rb7 Ra1 37.Nxf7 Kf8 38.Nd6 Ra6 39.Nb5 b2 40.Nc3 
Rc6 41.Rxb2 Rxc3 42.Rb6 Kg7 43.Rb7+ Kg8 44.Rb6 1/2-1/2

[Event "zonal 1.2a"]
[Site "Ptuj SLO"]
[Date "1995.04.17"]
[Round "11"]
[White "Sermek, Drazen"]
[Black "Luther, Thomas"]
[Result "1/2-1/2"]
[WhiteElo "2515"]
[BlackElo "2550"]
[EventDate "1995.04.05"]
[PlyCount "39"]

1.e4 e6 2.d4 d5 3.Nd2 dxe4 4.Nxe4 Nd7 5.Nf3 Ngf6 6.Bd3 Nxe4 7.Bxe4 Nf6 8.
Bd3 b6 9.Qe2 Bb7 10.Bf4 Be7 11.O-O-O O-O 12.h4 Qc8 13.Be5 c5 14.Ng5 h6 15.
Bxf6 Bxf6 16.Nh7 Rd8 17.Nxf6+ gxf6 18.Qh5 Kf8 19.Qxh6+ Ke7 20.f3 1/2-1/2

[Event "zonal 1.2a"]
[Site "Ptuj SLO"]
[Date "1995.04.17"]
[Round "11"]
[White "Stanec, Nikolaus"]
[Black "Wach, Markus"]
[Result "0-1"]
[WhiteElo "2465"]
[BlackElo "2385"]
[EventDate "1995.04.05"]
[PlyCount "94"]

1.c4 f5 2.d4 Nf6 3.g3 e6 4.Bg2 Bb4+ 5.Bd2 Be7 6.Nh3 d5 7.Qc2 O-O 8.O-O c6 
9.Nf4 Ne4 10.Be1 Bf6 11.e3 Na6 12.f3 Nd6 13.Nd2 Bd7 14.Bf2 Qe8 15.e4 Bg5 
16.Be3 Nxc4 17.Nxc4 dxc4 18.Qxc4 c5 19.Rfe1 cxd4 20.Qxd4 e5 21.Qc4+ Kh8 
22.Nd5 Bxe3+ 23.Rxe3 Rc8 24.Qe2 f4 25.Ra3 Be6 26.gxf4 exf4 27.Nc3 Bc4 28.
Qf2 Nc5 29.Rxa7 Qe5 30.Ra5 b6 31.Ra7 Nd3 32.Qh4 Qd4+ 33.Kh1 Nf2+ 34.Kg1 
Nd3+ 35.Kh1 Nf2+ 36.Kg1 Nxe4+ 37.Kh1 Nf2+ 38.Kg1 Nd3+ 39.Kh1 b5 40.Re7 
Nf2+ 41.Kg1 Nd3+ 42.Kh1 Nxb2 43.Ne4 Nd1 44.Rc1 Bxa2 45.Rxc8 Rxc8 46.Bh3 
Ne3 47.Qe1 Rd8 0-1

[Event "zonal 1.2a"]
[Site "Ptuj SLO"]
[Date "1995.04.18"]
[Round "12"]
[White "Atlas, Valery"]
[Black "Lutz, Christopher"]
[Result "1/2-1/2"]
[WhiteElo "2450"]
[BlackElo "2560"]
[EventDate "1995.04.05"]
[PlyCount "35"]

1.e4 e5 2.Bc4 Nf6 3.d3 Nc6 4.Nf3 Bc5 5.c3 a6 6.O-O Ba7 7.Re1 O-O 8.h3 d6 
9.Bb3 Ne7 10.Nbd2 Ng6 11.Nf1 h6 12.Ng3 Re8 13.d4 b5 14.Bd2 Bb7 15.dxe5 
dxe5 16.Qc1 Bc8 17.Bxh6 gxh6 18.Qxh6 1/2-1/2

[Event "zonal 1.2a"]
[Site "Ptuj SLO"]
[Date "1995.04.18"]
[Round "12"]
[White "Enders, Peter"]
[Black "Lobron, Eric"]
[Result "1-0"]
[WhiteElo "2480"]
[BlackElo "2575"]
[EventDate "1995.04.05"]
[PlyCount "195"]

1.e4 c5 2.Nf3 Nc6 3.d4 cxd4 4.Nxd4 e5 5.Nb5 d6 6.Bc4 Be6 7.Bb3 Be7 8.N5c3 
Nf6 9.Bg5 O-O 10.Bxf6 Bxf6 11.O-O Rc8 12.Nd5 Bg5 13.Nbc3 Kh8 14.Qd3 Nd4 
15.Ne2 Nxb3 16.axb3 Bxd5 17.exd5 Qb6 18.Ra4 f5 19.c3 a6 20.Kh1 Rce8 21.Rb4
Qc7 22.Rc4 Qf7 23.Rd1 e4 24.Qc2 Re5 25.Rcd4 Rfe8 26.c4 f4 27.Ng1 Bd8 28.b4
f3 29.gxf3 exf3 30.Qb3 Re1 31.Rg4 Bh4 32.Rxe1 Rxe1 33.Qc2 Qf6 34.h3 h5 35.
Rg6 Qe5 36.c5 dxc5 37.d6 Bf6 38.Qxc5 Rd1 39.Qc8+ Kh7 40.Qc2 Qe2 41.Qf5 Kh8
42.Qxh5+ Kg8 43.Qc5 Qe6 44.Rg3 Rxd6 45.Nxf3 Rc6 46.Qa7 Qd5 47.Kg2 Rc2 48.
b3 Rc3 49.Qb8+ Kh7 50.Qf4 Rxb3 51.h4 Rc3 52.Qg4 Rc1 53.Qg6+ Kh8 54.h5 Qb5 
55.Rg4 Qf1+ 56.Kg3 Rc3 57.Re4 Qg1+ 58.Kf4 Qc1+ 59.Kg4 Rc4 60.Qe8+ Kh7 61.
Kg3 Rxe4 62.Qxe4+ Kh8 63.Qxb7 Qc4 64.Qb8+ Kh7 65.Qb6 Qb5 66.Qc5 Kh6 67.Kf4
Qe8 68.Qd6 Kxh5 69.Qxa6 Qb8+ 70.Kf5 Qxb4 71.Ne5 Qb1+ 72.Nd3 Qg1 73.Nf4+ 
Kh6 74.Qb7 Qg5+ 75.Ke4 Qe5+ 76.Kf3 g5 77.Nd3 Qd4 78.Qb5 Kh5 79.Qf5 Kh6 80.
Kg2 Kg7 81.Nc5 Qe5 82.Qc2 Qd5+ 83.Ne4 Be7 84.Kg1 Kf7 85.Qe2 Kg7 86.Nc3 Qc5
87.Qf3 Qe5 88.Nd5 Bf6 89.Ne3 Kg6 90.Kg2 Qe6 91.Ng4 Qf5 92.Qd1 Qe4+ 93.f3 
Qf5 94.Qb3 Kg7 95.Qc4 Qd7 96.Qg8+ Kxg8 97.Nxf6+ Kf7 98.Nxd7 1-0

[Event "zonal 1.2a"]
[Site "Ptuj SLO"]
[Date "1995.04.18"]
[Round "12"]
[White "Gostisa, Leon"]
[Black "Stanec, Nikolaus"]
[Result "1/2-1/2"]
[WhiteElo "2420"]
[BlackElo "2465"]
[EventDate "1995.04.05"]
[PlyCount "203"]

1.d4 c5 2.d5 g6 3.e4 Bg7 4.f4 d6 5.Nf3 Nf6 6.Nc3 O-O 7.Bd3 Na6 8.O-O Nc7 
9.Qe1 e6 10.dxe6 fxe6 11.Qh4 d5 12.e5 c4 13.Ng5 Nh5 14.Be2 h6 15.Nf3 Qxh4 
16.Nxh4 Nxf4 17.Bxf4 g5 18.Ng6 Rxf4 19.Nxf4 gxf4 20.Rxf4 Bxe5 21.Rh4 Bg7 
22.Rd1 b5 23.Bh5 Bd7 24.Ne4 Rd8 25.Nd6 Rf8 26.Rg4 e5 27.Rg3 Be6 28.Nb7 e4 
29.Nc5 Bc8 30.c3 Kh8 31.Rg6 b4 32.Rc6 bxc3 33.bxc3 Nb5 34.Rf1 Rd8 35.Rb1 
Nd6 36.Rd1 Nb5 37.Nxe4 Bb7 38.Rxc4 Rf8 39.Rb4 Bc6 40.a4 Nxc3 41.Nxc3 Bxc3 
42.Rg4 d4 43.Rf1 Rxf1+ 44.Kxf1 Bxa4 45.Rg3 a5 46.Be2 Bc2 47.Bc4 a4 48.Ke2 
Kh7 49.Rf3 a3 50.Rf7+ Kg6 51.Ra7 Bb2 52.Ra6+ Kg5 53.g3 Bb1 54.Be6 Be4 55.
h4+ Kf6 56.Bg8+ Kg7 57.Bc4 Bb1 58.g4 Be4 59.Be6 Bc2 60.Bd5 Bb1 61.h5 Bc2 
62.Kd2 Bb1 63.Be6 Be4 64.Bf5 Bd5 65.Kc2 Bc4 66.Ra4 Bd5 67.Bd3 Be6 68.Ra6 
Bc3 69.Rxa3 Bxg4 70.Bg6 Kf6 71.Rb3 Bf5+ 72.Bxf5 Kxf5 73.Kd3 Kg4 74.Rb5 Kh4
75.Rd5 Kg4 76.Rb5 Kh4 77.Rf5 Kg4 78.Rd5 Kh4 79.Ke4 Bd2 80.Rxd4 Bg5 81.Kf5+
Kxh5 82.Rc4 Bd8 83.Rc8 Bg5 84.Rc4 Bd8 85.Rc1 Kh4 86.Rh1+ Kg3 87.Rxh6 Be7 
88.Rc6 Bb4 89.Rg6+ Kh2 90.Ke4 Bc5 91.Kf3 Ba7 92.Rg7 Bc5 93.Rg5 Bb6 94.Rb5 
Bd4 95.Rh5+ Kg1 96.Rg5+ Kh1 97.Rh5+ Kg1 98.Kg3 Bf2+ 99.Kh3 Kh1 100.Rd5 Bb6
101.Rd1+ Bg1 102.Rf1 1/2-1/2

[Event "zonal 1.2a"]
[Site "Ptuj SLO"]
[Date "1995.04.18"]
[Round "12"]
[White "Kindermann, Stefan"]
[Black "Sermek, Drazen"]
[Result "1/2-1/2"]
[WhiteElo "2585"]
[BlackElo "2515"]
[EventDate "1995.04.05"]
[PlyCount "26"]

1.e4 e5 2.Nf3 Nc6 3.Nc3 Nf6 4.Bb5 Nd4 5.Ba4 c6 6.O-O Nxf3+ 7.Qxf3 d6 8.d3 
Be7 9.Bb3 O-O 10.Qe2 Be6 11.f4 exf4 12.Bxf4 Bxb3 13.axb3 d5 1/2-1/2

[Event "zonal 1.2a"]
[Site "Ptuj SLO"]
[Date "1995.04.18"]
[Round "12"]
[White "Landenbergue, Claude"]
[Black "Mohr, Georg"]
[Result "1/2-1/2"]
[WhiteElo "2430"]
[BlackElo "2430"]
[EventDate "1995.04.05"]
[PlyCount "25"]

1.e4 c5 2.Nf3 d6 3.d4 cxd4 4.Nxd4 Nf6 5.Nc3 g6 6.Be3 Bg7 7.f3 O-O 8.Qd2 
Nc6 9.Bc4 Bd7 10.O-O-O Ne5 11.Bb3 Rc8 12.Bg5 Nc4 13.Bxc4 1/2-1/2

[Event "zonal 1.2a"]
[Site "Ptuj SLO"]
[Date "1995.04.18"]
[Round "12"]
[White "Luther, Thomas"]
[Black "Robatsch, Karl"]
[Result "1-0"]
[WhiteElo "2550"]
[BlackElo "2410"]
[EventDate "1995.04.05"]
[PlyCount "109"]

1.e4 d5 2.exd5 Nf6 3.d4 Nxd5 4.c4 Nb6 5.Nf3 g6 6.Nc3 Bg7 7.h3 O-O 8.Be2 c5
9.d5 e6 10.Bg5 Qd7 11.d6 Bxc3+ 12.bxc3 f6 13.Be3 Qc6 14.Qd2 e5 15.h4 h5 
16.Nh2 Be6 17.Rg1 f5 18.Bh6 Rf6 19.Bg5 N8d7 20.Bxf6 Nxf6 21.Nf3 Ng4 22.Rd1
Rd8 23.Qg5 Qe8 24.Qe7 Qxe7 25.dxe7 Rxd1+ 26.Bxd1 Kf7 27.Ng5+ Kxe7 28.Nxe6 
Kxe6 29.Bf3 e4 30.Bxg4 hxg4 31.f3 Nxc4 32.fxg4 fxg4 33.Kf2 b5 34.Kg3 Nb6 
35.Kxg4 Nd5 36.Kg5 Kf7 37.Rf1+ Kg7 38.Rd1 Nxc3 39.Rd7+ Kf8 40.Kxg6 e3 41.
Rd3 e2 42.Rf3+ Ke7 43.Re3+ Kd6 44.h5 Nd5 45.Rxe2 Nf4+ 46.Kg5 Nxe2 47.h6 c4
48.h7 Kd5 49.h8=Q c3 50.Qc8 Kd4 51.Qd7+ Ke3 52.Qxa7+ Kd3 53.Qd7+ Nd4 54.
Qh3+ Kd2 55.Kf4 1-0

[Event "zonal 1.2a"]
[Site "Ptuj SLO"]
[Date "1995.04.20"]
[Round "13"]
[White "Grosar, Aljosa"]
[Black "Wach, Markus"]
[Result "1-0"]
[WhiteElo "2475"]
[BlackElo "2385"]
[EventDate "1995.04.05"]
[PlyCount "59"]

1.e4 c5 2.Nf3 d6 3.d4 cxd4 4.Nxd4 Nf6 5.Nc3 Nc6 6.Be3 e5 7.Nf3 Be7 8.Bc4 
O-O 9.O-O Na5 10.Bb3 Bg4 11.Qe2 h6 12.Rfd1 Qc7 13.h3 Be6 14.Nd5 Nxd5 15.
Bxd5 Nc4 16.c3 a6 17.b3 Nxe3 18.Qxe3 Bxd5 19.Rxd5 b5 20.Rd3 Rfc8 21.Nh2 
Qc5 22.Ng4 Bg5 23.Qf3 Qa3 24.g3 Bc1 25.Rb1 Bb2 26.Rbd1 Qxa2 27.Rxd6 Qxb3 
28.Nxh6+ Kf8 29.Rd7 gxh6 30.R1d5 1-0

[Event "zonal 1.2a"]
[Site "Ptuj SLO"]
[Date "1995.04.20"]
[Round "13"]
[White "Lobron, Eric"]
[Black "Luther, Thomas"]
[Result "1/2-1/2"]
[WhiteElo "2575"]
[BlackElo "2550"]
[EventDate "1995.04.05"]
[PlyCount "78"]

1.d4 e6 2.Nf3 d5 3.c4 Nf6 4.Bg5 Bb4+ 5.Nc3 Nbd7 6.cxd5 exd5 7.Qc2 c5 8.
dxc5 Nxc5 9.a3 Bxc3+ 10.Qxc3 Nce4 11.Bxf6 Qxf6 12.Qxf6 Nxf6 13.e3 Bd7 14.
Bd3 Ke7 15.Nd4 Rac8 16.f3 h5 17.Kd2 Ne8 18.a4 Nd6 19.b3 Rc7 20.h4 Kf6 21.
Rag1 Bf5 22.Rc1 Rxc1 23.Rxc1 Bxd3 24.Kxd3 Rc8 25.Rg1 g6 26.g4 Rh8 27.g5+ 
Ke7 28.Rc1 Rc8 29.Rxc8 Nxc8 30.e4 f6 31.f4 fxg5 32.fxg5 Kd6 33.Ke3 Ne7 34.
Kf4 dxe4 35.Kxe4 a5 36.Nb5+ Kc5 37.Nd4 Kd6 38.Nb5+ Kc5 39.Nd4 Kd6 1/2-1/2

[Event "zonal 1.2a"]
[Site "Ptuj SLO"]
[Date "1995.04.20"]
[Round "13"]
[White "Lutz, Christopher"]
[Black "Landenbergue, Claude"]
[Result "1/2-1/2"]
[WhiteElo "2560"]
[BlackElo "2430"]
[EventDate "1995.04.05"]
[PlyCount "106"]

1.d4 e6 2.c4 Bb4+ 3.Nd2 c5 4.a3 Bxd2+ 5.Qxd2 cxd4 6.Nf3 Nf6 7.b4 O-O 8.Bb2
d5 9.cxd5 Qxd5 10.Qxd4 Nc6 11.Qxd5 Nxd5 12.e4 Nb6 13.Rc1 f6 14.b5 Ne7 15.
Rc7 Ng6 16.h4 Rf7 17.Rxf7 Kxf7 18.h5 Ne7 19.e5 h6 20.exf6 gxf6 21.Bc1 Ng8 
22.Rh4 Bd7 23.a4 Rc8 24.Bd2 Rc2 25.Bd3 Ra2 26.a5 Nd5 27.Bc4 Ra4 28.Rd4 
Ra1+ 29.Ke2 Nge7 30.g4 Kg7 31.Bb4 Ra4 32.Bxe7 Rxc4 33.Rxc4 Bxb5 34.Kd3 
Nxe7 35.Nd4 Bxc4+ 36.Kxc4 Kf7 37.Nb5 Nc8 38.f4 Ke7 39.Kc5 Kd7 40.Kd4 Ke7 
41.Kc5 Kf7 42.Nd4 b6+ 43.axb6 Nxb6 44.Nc6 Nd5 45.f5 Nf4 46.fxe6+ Nxe6+ 47.
Kb5 Nc7+ 48.Kc4 f5 49.gxf5 a6 50.Ne5+ Kf6 51.Ng4+ Kg5 52.Ne5 Kxf5 53.Nf7 
Kg4 1/2-1/2